Do Bigha Zamin (Record no. 18867)

MARC details
000 -LEADER
fixed length control field 02386ngm a2200433 4500
003 - CONTROL NUMBER IDENTIFIER
control field dpl
005 - DATE AND TIME OF LATEST TRANSACTION
control field 2008112003073.0
007 - PHYSICAL DESCRIPTION FIXED FIELD--GENERAL INFORMATION
fixed length control field DVD
008 - FIXED-LENGTH DATA ELEMENTS--GENERAL INFORMATION
fixed length control field ||||||sp199 xxu|||||c ||| 00| 0 ng d
010 ## - LIBRARY OF CONGRESS CONTROL NUMBER
LC control number DVD-001247-1249 & DVD-004558-4560
024 ## - OTHER STANDARD IDENTIFIER
Standard number or code SHE DVD 203
Terms of availability 169.00
035 ## - SYSTEM CONTROL NUMBER
System control number DVD-001247-1249
035 ## - SYSTEM CONTROL NUMBER
System control number DVD-004558-4560
040 ## - CATALOGING SOURCE
Original cataloging agency DPL
Transcribing agency DPL
082 ## - DEWEY DECIMAL CLASSIFICATION NUMBER
Classification number DVD / DOBI
245 ## - TITLE STATEMENT
Title Do Bigha Zamin
Statement of responsibility, etc Bomal Roy Production Presents
Medium [videorecording] DVD/
260 ## - PUBLICATION, DISTRIBUTION, ETC. (IMPRINT)
Name of publisher, distributor, etc Shemaroo Video Pvt. Ltd.
300 ## - PHYSICAL DESCRIPTION
Extent 1 videodisc DVD; (119 min.) :
Other physical details sd., col. ;
Dimensions 4 3/4 in.
Type of unit DVD
440 ## - SERIES STATEMENT/ADDED ENTRY--TITLE
Title Shemaroo Home Entertainment
500 ## - GENERAL NOTE
General note Digitally Re-Mastered From the Original Film
500 ## - GENERAL NOTE
General note Interactive Menus of Songs and Scenes for Easy Access
538 ## - SYSTEM DETAILS NOTE
System details note Dolby Digital 5.1 - Hindi Subtitles: English
650 ## - SUBJECT ADDED ENTRY--TOPICAL TERM
Topical term or geographic name as entry element Motion Picture
700 ## - ADDED ENTRY--PERSONAL NAME
Personal name Roy, Bimal
700 ## - ADDED ENTRY--PERSONAL NAME
Personal name Chaudhary, Salil
700 ## - ADDED ENTRY--PERSONAL NAME
Personal name Sahni, Balraj
700 ## - ADDED ENTRY--PERSONAL NAME
Personal name Roy, Nirupa
700 ## - ADDED ENTRY--PERSONAL NAME
Personal name Ratan Kumar
700 ## - ADDED ENTRY--PERSONAL NAME
Personal name Murad
942 ## - ADDED ENTRY ELEMENTS (KOHA)
Koha item type CD-ROMs, DVDs, VHS
Source of classification or shelving scheme Dewey Decimal Classification
Classification part DVD
Call number suffix DOBI
Holdings
Withdrawn status Lost status Source of classification or shelving scheme Damaged status Not for loan Home library Current library Date acquired Source of acquisition Cost, normal purchase price Total Checkouts Total Renewals Full call number Barcode Date last seen Date checked out Copy number Cost, replacement price Price effective from Koha item type
    Dewey Decimal Classification     Central Library Central Library 20/11/2008 Purchase 169.00 69 2 DVD DOBI DVD-001247 13/09/2017 30/08/2017 1 169.00 20/11/2008 CD-ROMs, DVDs, VHS
    Dewey Decimal Classification     Janak Puri Janak Puri 13/11/2009 Pioneers/885/29-10-09/325/13-10-09 /06-11-09 169.00 22 3 DVD DOBI DVD-004558 20/08/2014 25/07/2014 1 169.00 13/11/2009 CD-ROMs, DVDs, VHS
    Dewey Decimal Classification     Patel Nagar Patel Nagar 20/11/2008 Purchase 169.00 30 1 DVD DOBI DVD-001249 07/01/2013 05/01/2013 1 169.00 20/11/2008 CD-ROMs, DVDs, VHS
    Dewey Decimal Classification     R.K.Puram-8 R.K.Puram-8 13/11/2009 Pioneers/885/29-10-09/325/13-10-09 /06-11-09 169.00 4   DVD DOBI DVD-004559 07/01/2013 18/12/2012 1 169.00 13/11/2009 CD-ROMs, DVDs, VHS
    Dewey Decimal Classification     Sarojini Nagar Sarojini Nagar 20/11/2008 Purchase 169.00 30   DVD DOBI DVD-001248 02/07/2015 02/07/2015 1 169.00 20/11/2008 CD-ROMs, DVDs, VHS
    Dewey Decimal Classification     Vinoba Puri Vinoba Puri 13/11/2009 Pioneers/885/29-10-09/325/13-10-09 /06-11-09 169.00 9 1 DVD DOBI DVD-004560 23/04/2014 09/04/2014 1 169.00 13/11/2009 CD-ROMs, DVDs, VHS

© Delhi Public Library
Hit Counter
free hit counter